000
00287nam a22001217a 4500
082
_a
894.812.3
_b
H&C/P
100
_a
MADAVOOR SASI
245
_a
PONMUTTAYIDUNNA THARAVU
260
_a
THRISSUR
_b
H&C PUBLISHING HOUSE
300
_a
48
650
_a
SHORT STORY MALAYALAM
_z
KERALA
942
_c
BK
999
_c
1095
_d
1095